000
00305nam a2200133Ia 4500
003
OSt
005
20240307100459.0
008
170523s9999 xx 000 0 und d
020
_a
978-9327222982
040
_c
IIMTU
100
_a
Singh-B.D
245
0
_a
Biotechnology Expending Horizons
942
_2
ddc
_c
02
999
_c
11282
_d
11282